000
00341cam a2200145ua 4500
041
_a
mal
_h
082
_a
894.8121
_b
KUM/VA
100
_a
Kumaranasan, N .
245
_a
Vanamala /
_c
N.Kumaranasan.
_h
Textual Documents
260
_a
:
_b
Sarada book Depot ,
_c
1957.
300
_a
140 ; .
504
_a
942
_c
BK
999
_c
1021
_d
1021